[Event "Calgary 14th"]
[Site "Calgary"]
[Date "2023.12.28"]
[Round "4"]
[White "Vasic, Maxim"]
[Black "Yam, Alex"]
[Result "1/2-1/2"]
[WhiteElo "2009"]
[BlackElo "2211"]
[PlyCount "77"]
[EventDate "2023.12.26"]
[EventType "swiss"]
[EventRounds "9"]
[EventCountry "CAN"]
[SourceTitle "CB02_2024"]
[SourceDate "2024.01.10"]
[SourceVersion "1"]
[SourceVersionDate "2024.01.10"]
[SourceQuality "1"]

1. c4 e6 2. d4 d5 3. cxd5 exd5 4. Nc3 c6 5. Nf3 Bd6 6. Qc2 Ne7 7. Bg5 f6 8. Bh4 Bf5 9. Qd2 Nd7 10. Bg3 Nb6 11. e3 0-0 12. b3 a5 13. Bd3 a4 14. 0-0 Bb4 15. Rfb1 Qd7 16. Ne1 c5 17. Bxf5 Nxf5 18. Nc2 axb3 19. Rxb3 Nc4 20. Qd1 Bxc3 21. Rxc3 Nb2 22. Qb1 Na4 23. Rb3 b6 24. dxc5 Nxg3 25. hxg3 bxc5 26. Qd1 Rfd8 27. Rab1 Qf5 28. Qd2 Qe5 29. Ne1 Qe4 30. Rb7 d4 31. exd4 cxd4 32. R1b4 Nc3 33. Rc7 Re8 34. Nc2 Rxa2 35. Rbb7 Qxc2 36. Rxg7+ Kh8 37. Qxc2 Re1+ 38. Kh2 Rxc2 39. Rxh7+ 1/2-1/2

[Event "Banff op"]
[Site "Banff"]
[Date "2022.11.11"]
[Round "1"]
[White "Wu, Charles"]
[Black "Vasic, Maxim"]
[Result "1-0"]
[WhiteElo "1626"]
[BlackElo "1973"]
[PlyCount "98"]
[EventDate "2022.11.11"]
[EventType "swiss"]
[EventRounds "6"]
[EventCountry "CAN"]
[SourceTitle "CBM 211 Extra"]
[Source "ChessBase"]
[SourceDate "2023.01.31"]
[SourceVersion "1"]
[SourceVersionDate "2023.01.31"]
[SourceQuality "1"]

1. d4 Nf6 2. Bf4 e6 3. e3 b6 4. Nf3 Bb7 5. Nbd2 Be7 6. Bd3 Nh5 7. Bg3 d6 8. Qe2 c5 9. c3 Nc6 10. Ba6 Bxa6 11. Qxa6 Qc8 12. Qxc8+ Rxc8 13. dxc5 bxc5 14. Ne4 Nxg3 15. hxg3 f5 16. Ned2 g5 17. 0-0-0 g4 18. Ne1 Ne5 19. Kc2 c4 20. e4 0-0 21. exf5 Rxf5 22. f4 Ng6 23. Kc1 Ra5 24. a3 d5 25. Nc2 Bc5 26. Rde1 Ra6 27. Re2 Rb6 28. Rh5 Rf8 29. Rg5 Be7 30. Rxg4 Rfb8 31. Nf3 Rxb2 32. Rxe6 Bf8 33. Ne5 Rb1+ 34. Kd2 Rg1 35. Nxg6 Rxg2+ 36. Re2 Rxe2+ 37. Kxe2 hxg6 38. Rxg6+ Bg7 39. Nb4 d4 40. cxd4 Kf7 41. Rc6 a5 42. Rc7+ Kg6 43. Rc6+ Kf5 44. Rc5+ Ke4 45. Rxa5 Bxd4 46. Ra6 Bb2 47. Re6+ Kf5 48. Rc6 Bxa3 49. Kf3 Rxb4 1-0

[Event "Canadian op"]
[Site "Regina"]
[Date "2019.07.17"]
[Round "8"]
[White "Vasic, Maxim"]
[Black "Demchenko, Kirill"]
[Result "1-0"]
[WhiteElo "1964"]
[BlackElo "2004"]
[PlyCount "119"]
[EventDate "2019.07.12"]
[EventType "swiss"]
[EventRounds "9"]
[EventCountry "CAN"]
[SourceTitle "EXT 2020"]
[Source "ChessBase"]
[SourceDate "2019.10.17"]
[SourceVersion "1"]
[SourceVersionDate "2019.10.17"]
[SourceQuality "1"]

1. d4 d5 2. c4 e6 3. Nc3 Nf6 4. Bg5 Be7 5. e3 Nbd7 6. cxd5 exd5 7. Bd3 0-0 8. Nge2 b6 9. 0-0 Bb7 10. Rc1 h6 11. Bh4 Re8 12. h3 a6 13. Bg3 c5 14. dxc5 bxc5 15. Bb1 Nb6 16. Qb3 Bd6 17. Bxd6 Qxd6 18. Na4 Nxa4 19. Qxa4 d4 20. b4 dxe3 21. bxc5 Qc6 22. Qxc6 Bxc6 23. Nd4 Rac8 24. Bd3 Bd5 25. Bxa6 Ra8 26. Bb5 Rec8 27. a4 Ne4 28. fxe3 Rxc5 29. Rxc5 Nxc5 30. Rf5 Rd8 31. Nc6 Bxc6 32. Bxc6 Rd1+ 33. Rf1 Rd3 34. Ra1 Rxe3 35. a5 Re7 36. a6 Ra7 37. Ra5 Nb3 38. Rb5 Nd4 39. Rb8+ Kh7 40. Be4+ f5 41. Bb7 Kg6 42. Kf2 f4 43. Rd8 Nb5 44. Rd5 Nc7 45. Rd7 Nb5 46. Be4+ Kf6 47. Rb7 Rxa6 48. Rxb5 g5 49. Rc5 Ra4 50. Kf3 Ra3+ 51. Kg4 Re3 52. Bf3 Kg6 53. Rc6+ Kg7 54. Kh5 Re5 55. Rc7+ Kf6 56. Rh7 g4+ 57. Kxg4 Kg6 58. Kxf4 Rf5+ 59. Ke4 Rxf3 60. Rxh6+ 1-0

[Event "Canadian op"]
[Site "Regina"]
[Date "2019.07.13"]
[Round "2"]
[White "Vasic, Maxim"]
[Black "Wolchock, Theo"]
[Result "0-1"]
[WhiteElo "1964"]
[BlackElo "2032"]
[PlyCount "44"]
[EventDate "2019.07.12"]
[EventType "swiss"]
[EventRounds "9"]
[EventCountry "CAN"]
[SourceTitle "EXT 2020"]
[Source "ChessBase"]
[SourceDate "2019.10.17"]
[SourceVersion "1"]
[SourceVersionDate "2019.10.17"]
[SourceQuality "1"]

1. d4 Nf6 2. c4 g6 3. Nc3 Bg7 4. e4 d6 5. f3 0-0 6. Nge2 Nbd7 7. Be3 a6 8. Qd2 b5 9. cxb5 axb5 10. Nxb5 c6 11. Na3 e5 12. dxe5 Nxe5 13. Nc3 d5 14. Be2 dxe4 15. Qxd8 Rxd8 16. 0-0 exf3 17. Bxf3 Nxf3+ 18. Rxf3 Nd5 19. Bd2 Bg4 20. Rg3 Be6 21. Nxd5 cxd5 22. Rb3 Rxa3 0-1